Law tends to back up fair adjudication (Record no. 66204)

MARC details
000 -LEADER
fixed length control field 01270cam a2200241 4500
001 - CONTROL NUMBER
control field ABS63559
008 - FIXED-LENGTH DATA ELEMENTS--GENERAL INFORMATION
fixed length control field 000000n2001 000 0 eng u
035 ## - SYSTEM CONTROL NUMBER
System control number (Sirsi) u111116
100 ## - MAIN ENTRY--PERSONAL NAME
Personal name Cottam, G.
245 ## - TITLE STATEMENT
Title Law tends to back up fair adjudication
260 ## - PUBLICATION, DISTRIBUTION, ETC.
Date of publication, distribution, etc. 2001
490 ## - SERIES STATEMENT
Series statement Construction News
Volume/sequential designation (6702) 8 February 2001, 12(1)
520 ## - SUMMARY, ETC.
Summary, etc. Courts will usually uphold an adjudicator's decision, although if the court feels the adjudicator does not have jurisdiction, the decision will not be enforced. Discusses three cases which illustrate the concept of fairness in adjudication procedure: "Discain Project Services v Opec Prime Developments"; "Woods Hardwick v Chiltern Air Conditioning"; and "Karl Construction (Scotland) v Sweeney Civil Engineering (Scotland)"
590 ## - LOCAL NOTE (RLIN)
Local note ABS
650 ## - SUBJECT ADDED ENTRY--TOPICAL TERM
Topical term or geographic name entry element FAIRNESS
650 ## - SUBJECT ADDED ENTRY--TOPICAL TERM
Topical term or geographic name entry element MANAGEMENT-DISPUTE AVOIDANCE, MANAGEMENT AND RESOLUTION-DISPUTE MANAGEMENT AND RESOLUTION-ALTERNATIVE DISPUTE RESOLUTION-ADJUDICATION
650 ## - SUBJECT ADDED ENTRY--TOPICAL TERM
Topical term or geographic name entry element DISCAIN PROJECT SERVICES LTD V OPECPRIME DEVELOPMENT LTD
650 ## - SUBJECT ADDED ENTRY--TOPICAL TERM
Topical term or geographic name entry element WOODS HARDWICK LTD V CHILTERN AIR CONDITIONING
650 ## - SUBJECT ADDED ENTRY--TOPICAL TERM
Topical term or geographic name entry element KARL CONSTRUCTION (SCOTLAND) V SWEENEY CIVIL ENGINEERING (SCOTLAND)
650 ## - SUBJECT ADDED ENTRY--TOPICAL TERM
Topical term or geographic name entry element PROCEDURE
690 ## - LOCAL SUBJECT ADDED ENTRY--TOPICAL TERM (OCLC, RLIN)
Topical term or geographic name as entry element Dispute resolution
9 (RLIN) 6236
942 ## - ADDED ENTRY ELEMENTS (KOHA)
Suppress in OPAC 0
Holdings
Withdrawn status Lost status Source of classification or shelving scheme Damaged status Not for loan Home library Current library Shelving location Date acquired Total Checkouts Full call number Barcode Date last seen Copy number Price effective from Koha item type
    Dewey Decimal Classification     London London Journal article 22/02/2001   ABS63559 111116-1001 06/08/2019 1 06/08/2019 Journal article